| 000 | 03076nam0a2200409 4500 | ||
|---|---|---|---|
| 001 | RU\NLR\BIBL_A\012726743 | ||
| 005 | 20220413120451.0 | ||
| 010 |
_a978-5-235-04487-6 _93000 |
||
| 021 |
_aRU _bКН-П-21-076447 _9КН-П-21-6090 |
||
| 035 | _a(NLR Aleph) 012726743 | ||
| 035 | _a(RuMoRGB)010862942 | ||
| 090 |
_a12959043 _c12959043 |
||
| 100 | _a20220311d2021 u y0rusy50 ca | ||
| 101 | 0 | _arus | |
| 102 | _aRU | ||
| 105 | _aac z 000zb | ||
| 181 | 0 |
_ai3 _baxxe |
|
| 182 | 1 | _an | |
| 200 | 1 |
_aСергей Непобедимый _fВалерий Петров |
|
| 203 |
_aТекст _bвизуальный _cнепосредственный |
||
| 210 |
_aМосква _cМолодая гвардия _d2021 |
||
| 215 |
_a264, [2] с., [16] л. цв. ил., портр. _d21 |
||
| 225 | 1 |
_aЖизнь замечательных людей _eсерия биографий _fоснована в 1890 г. Ф. Павленковым и продолжена в 1933 г. М. Горьким _vвып. 2096 (1896) |
|
| 300 | _aНа 4-й с. обл. авт.: В. Б. Петров, журналист | ||
| 330 | _aСергей Павлович Непобедимый (1921-2014) - один из плеяды легендарных советских конструкторов, которые в условиях строгой секретности десятилетиями ковали оборонный щит нашей страны. Пройдя на Коломенском КБМ трудовой путь от инженера до генерального конструктора, он руководил созданием многих видов ракетной техники, до сих пор состоящих на вооружении Российской армии. Только в последние годы его имя стало известно широкой общественности и было золотыми буквами вписано в историю российской "оборонки". Книга Валерия Петрова - первая биография Непобедимого, правдиво и полно рассказывающая о его жизни и работе, о грозных "изделиях" военно-промышленного комплекса, созданных под его руководством | ||
| 333 | _a16+ | ||
| 600 | 1 |
_aНепобедимый _bС. П. _f1921 - 2014 _gСергей Павлович _92510037 _3RU\NLR\AUTH\6601703122 |
|
| 675 |
_a623.45(47+57)(092) _v4 |
||
| 686 | 1 | _aЦ501д(2)Непобедимый | |
| 700 | 1 |
_7ca _8rus _aПетров _bВ. Б. _cжурналист, обществ. деятель _f1946- _gВалерий Борисович _9241047 _3RU\NLR\AUTH\770241103 |
|
| 702 | 1 |
_aНепобедимый _bС. П. _f1921-2014 _gСергей Павлович _4280 |
|
| 942 | _cBOOK | ||
| 980 | _aNB | ||